¿Qué ciudad en Galicia? - Estadísticas

Estadísticas generales
  • Esta prueba ha sido intentada 1.141 veces
  • La puntuación promedio es 18 de 25
Estadísticas de respuestas
Pista Inicial Respuesta % Correcto
Su impresionante muralla romana está hermanada con la gran muralla China L Lugo
92%
Importante ciudad industrial y naval situada al norte de Galicia F Ferrol
91%
En esta ciudad puedes visitar la Torre de Hércules, el faro más antiguo aún en funcionamiento C A Coruña
90%
Su iluminación navideña no tiene nada que envidiar a la de Nueva York, y en ella puedes encontrar los famosos dinosetos V Vigo
90%
Su famosa Plaza del Obradoiro acoge a miles de peregrinos de todas partes del mundo S Santiago de Compostela
89%
Final de etapa para aquellos que continúan el Camino, aquí se encuentra el segundo cabo más occidental de la España peninsular F Finisterre
87%
Si te gusta la tortilla poco hecha, en esta población puedes probar la mejor B Betanzos
86%
La ciudad de las burgas, famosa por sus construcciones romanas como el puente o las termas O Ourense
86%
A este municipio pertenece la parroquia de Hebrón, donde se cultivan unos pimientos con Denominación de Origen Protegida, que unos pican y otros no P Padrón
81%
Población vacacional de las Rías Baixas, su puerto se llena de lujosos yates durante el verano S Sanxenxo
81%
Se encuentra en la frontera con Portugal, junto al municipio portugués de Valença T Tui
77%
Esta ciudad está atravesada por el río Lérez y se encuentra en su ría homónima P Pontevedra
73%
En esta población se elabora un cremoso queso con Denominación de Origen A Arzúa
72%
En esta población podemos encontrar la Escuela Naval Militar y una famosa y polémica empresa de celulosa M Marín
69%
En la frontera con Asturias, a este municipio pertenece la Playa de las Catedrales R Ribadeo
68%
Cada año celebra la fiesta del albariño, la fiesta vinícola más antigua de Galicia C Cambados
63%
Es la población más grande de la provincia de Valdeorras y su fiesta del botelo es de interés turístico B O Barco de Valdeorras
62%
Aquí se celebra el entroido (carnaval) más largo de Galicia, que da comienzo con el petardazo y está protagonizado por las pantallas X Xinzo de Limia
62%
Su fiesta del cocido es de interés turístico nacional L Lalín
58%
Esta pequeña localidad acoge cada año a miles de fans de la música rock y metal en el Resurrection Fest V Viveiro
54%
Atravesada por el río Arenteiro, aquí puedes degustar el mejor pulpo a feira de toda Galicia C O Carballiño
53%
Capital de la Ribeira Sacra, en ella destaca el monasterio de San Vicente do Pino M Monforte de Lemos
49%
En esta población de las Rías Baixas todos los veranos se puede asistir a un desembarco vikingo C Catoira
48%
Esta localidad acoge el principal festival de música celta de Galicia O Ortigueira
48%
A orillas del río Avia, este municipio destaca por su castillo y su fiesta medieval R Ribadavia
41%
No se encontraron pruebas coincidentes
Distribución de puntuación
Porcentaje de gente con cada puntuación
Porcentaje por número respondido
Historial de tus puntuaciones
No has intentado esta prueba.